000 00653nam a2200277Ia 4500
005 20260324111758.0
008 008 260324s9999 xx 000 0 eng d
020 _a9788770046626
037 _aEBOOK
040 _aCRL
040 _beng
040 _cCRL
041 _2eng
041 _aeng
084 _qCRL
100 _aBenard Makaa
_91139985
245 0 _aEnergy Conservation and Management for Professionals
260 _bTaylor and Francis
260 _c2025
365 _a
365 _b225
856 _uhttp://www.taylorfrancis.com/books/9788770046626
942 _cEBOOK
999 _c1728905
_d1728905